| 000 | 01354nam a2200385 b 4500 | ||
|---|---|---|---|
| 001 | 0000611 | ||
| 003 | DO-SdBPM | ||
| 005 | 20250801100950.0 | ||
| 007 | 0000611 | ||
| 008 | 0506172005 mx spa | ||
| 017 |
_a _b |
||
| 020 | _a9681911989 | ||
| 035 | _a | ||
| 040 |
_aDO-SdBPM _bspa _cBPMSU _e rda _6 |
||
| 082 | 4 |
_a823.91 _bD131r 2005 _222 |
|
| 100 | 1 |
_aDahl, Roald _d1916-1990 _eautor |
|
| 245 | 1 | 0 |
_aRelatos escalofriantes de Roald Dahl / _cRoald Dahl ; traducción de Flora Casas ... [et al.]. _h |
| 260 |
_b _c |
||
| 264 |
_aMéxico : _bSantillana ediciones generales, _c2005. |
||
| 300 |
_a217 páginas : _c22 cm |
||
| 336 |
_atext _btxt _2rdacontent |
||
| 337 |
_asin mediación _bn _2rda |
||
| 338 |
_avolumen _bnc _2rdacarrier |
||
| 490 | 0 | _aSerie Roja | |
| 500 | _aIncluye datos biográficos del autor. | ||
| 500 | _a | ||
| 505 | 0 | _aTatuaje ; Cordero asado ; La máquina del sonido ; Un cuento africano ; Galloping foxley ; El deseo ; El cirujano ; Apuestas ; El campeón del mundo ; Cuidado con el perro ; Mi querida esposa. | |
| 534 |
_pTítulo original. : _tSkin an other stories. |
||
| 590 | _aInventariado, 2025/VM | ||
| 650 | 7 | _aCuentos juveniles ingleses. | |
| 650 | 7 | _aCuentos de terror | |
| 700 | 1 |
_a Casas, Flora _etraductora |
|
| 910 | _aVMateo V. Control de calidad. BPMSU | ||
| 942 |
_2ddc _cBK |
||
| 999 |
_c11186 _d11186 |
||